| 000 | 00523nam a2200169 i 4500 | ||
|---|---|---|---|
| 001 | 91278 | ||
| 003 | ES-MaACL | ||
| 005 | 20230906180701.0 | ||
| 007 | t| | ||
| 008 | 050128s1967 sp ||||1| spa d | ||
| 100 | 1 |
_aLepp, Ignace. _971731 |
|
| 245 | 1 | 0 |
_aRiesgos y osadías del existir / _cIgnace Lepp ; [traducción por José María Bernáldez Montalvo]. |
| 260 |
_aMadrid : _bFax, _c[1967] |
||
| 300 |
_a252 p. ; _c21 cm. |
||
| 700 | 1 |
_aBernáldez Montalvo, José María. _9153063 |
|
| 852 |
_aES-MaACL _jC-33523 _bR.64179 |
||
| 999 |
_c91278 _d91278 |
||